000
00334nam a22001457a 4500
003
OSt
008
250519b |||||||| |||| 00| 0 eng d
100
_a
SHARMA, Benni Parsadh
245
_a
Sant Guru Ravidash
250
_a
23th
260
_a
New Delhi
_b
Umang Prakashan
_c
2023
300
_a
78
650
_a
General
942
_2
ddc
_c
BK
999
_c
13593
_d
13593